NFl Quiz 1 - Statistiken

Allgemein
  • Dieses Quiz wurde 364 mal gespielt
  • Das Durchschnittsergebnis liegt bei 11 aus 15
Antwortstatistiken
Frage Antwort % Korrekt
Wofür Steht die Abkürzung AFC? American Football Confrence
97%
Was findet vor jeder NFL Saison statt? Preseason
97%
Wie wird die spielfreie Woche in der NFL bezeichnet? Bye Week
95%
Von welchem Verein wurde Patrick Mahomes gedraftet? Kansas City Chiefs
94%
Wie heißt die Trophäe, welche die Siegermannschaft beim Super Bowl erhält? Vince Lombardi Trophy
94%
An welchem Wochentag findet der Super-Bowl statt? Sonntag
87%
Welcher NFL Spieler Quarterback hat die meisten Passing. Yards? Tom Brady
84%
Welches Team gewann den Letzten Superbowl? (stand 25.7.2023) Kansas City Chiefs
82%
Wo spielte Rob Gronkowski von 2010 bis 2018? New England Patriots
81%
Von welchem Verein wurde Aaron Donald gedraftet? Los Angeles Rams
71%
Welcher Runningback hat mit 6 Tochdowns die meisten Tochdowns in einen Spiel? Alvin Kamara
66%
Welches Team gewann den 1. Super Bowl? Green Bay Packers
65%
In wie vielen Divisionen sind die beiden Conferences aufgeteilt? 4
48%
Wann Wurde die NFL gegründet? 1920
27%
Welches NFL Team hat bisher die meisten Siege? (stand 25.7.2023) Green Bay Packers
27%
Keine übereinstimmenden Quizze gefunden
Verteilung der Resultate
Anzahl Personen mit jedem Resultat
Perzentil nach korrekt beantworteten Fragen
Ihre Resultats-Entwicklung
Sie haben dieses Quiz noch nicht gespielt